=LDR 00000nam 2200000 4500 =001 INLIS000000000003027 =005 20250218023011 =035 ##$$a 0010-0225000317 =007 ta =008 250218################g##########0#ind## =020 ##$$a 979-8845-69-2 =082 ##$$a 304.660 =084 ##$$a 304.660 MEN k =245 1#$$a Kumpulan data kependudukan dan keluarga berencana Indonesia=data collection of population and family planning /$c Mentri Negara Kependudukan/BKKBN =260 ##$$a Jakarta :$b BKKBN,$c 1998 =300 ##$$a viii, 244 halaman : $b ilustrasi ; $c 28 cm =650 #4$$a Data Kependudukan =110 2#$$a Mentri Negara Kependudukan/BKKBN